| 000 | 00974nam a2200241 a 4500 | ||
|---|---|---|---|
| 005 | 20240509064245.0 | ||
| 008 | 121017s1998 mx r 000 0 spa d | ||
| 020 | _a9701834682 | ||
| 035 | _aUPN01000187620 | ||
| 049 | _aLTG | ||
| 050 | 4 |
_aLB2003 A1 _bP4.3 MA |
|
| 100 | 1 |
_aGuillén Guillén, Daniel _932795 |
|
| 245 | 1 | 3 |
_aLa educación ambiental en la escuela secundaria : _bmanual para el asesor / _cDaniel Guillén Guillén, María Elena Hernández Castellanos, César Minor Juárez. |
| 260 |
_aMéxico : _bSEP, _c1998. |
||
| 300 | _a30 p. | ||
| 440 | 0 | _aPrograma Nacional de Actualización Permanente | |
| 650 | 4 |
_aMaestros en servicio, Formación de _9390 |
|
| 650 | 2 |
_aEducación ambiental _xEstudio y enseñanza (Secundaria) _vProgramas de actividades _99363 |
|
| 700 | 1 |
_aHernández Castellanos, María Elena, _ecoaut. |
|
| 700 | 1 |
_aMinor Juárez, César, _bcoaut. |
|
| 710 | 1 |
_aMéxico. _bSubsecretaría de Educación Básica y Normal _927954 |
|
| 905 | _aLibro | ||
| 999 |
_c159723 _d159723 |
||